| 000 | 00332nam a22001217a 4500 | ||
|---|---|---|---|
| 003 | OSt | ||
| 008 | 220305b ||||| |||| 00| 0 eng d | ||
| 100 |
_aHornby,A.S _95191 |
||
| 245 | _aThe teaching of structural words and sentence patterns | ||
| 260 |
_aBritain _bthe english language book society _c1959 |
||
| 300 | _a162 | ||
| 942 | _cBK | ||
| 999 |
_c17506 _d17506 |
||